Monitoring PFI contracts (Record no. 65817)

MARC details
000 -LEADER
fixed length control field 01209cam a2200229 4500
001 - CONTROL NUMBER
control field ABS63430
008 - FIXED-LENGTH DATA ELEMENTS--GENERAL INFORMATION
fixed length control field 000000n2000 000 0 eng u
035 ## - SYSTEM CONTROL NUMBER
System control number (Sirsi) u110399
100 ## - MAIN ENTRY--PERSONAL NAME
Personal name McDowall, E.
245 ## - TITLE STATEMENT
Title Monitoring PFI contracts
260 ## - PUBLICATION, DISTRIBUTION, ETC.
Date of publication, distribution, etc. 2000
490 ## - SERIES STATEMENT
Series statement Facilities Management
Volume/sequential designation 8(3) December 2000, 8-9(2)
520 ## - SUMMARY, ETC.
Summary, etc. Considers the roles of the client and the service provider in the monitoring the performance of Private Finance Initiative contracts. This includes the role of self-monitoring for the service provider who is obliged, under the terms of the contract, to provide evidence that an acceptable level of service has been provided. Notes the importance of establishing monitoring methods and detailed methods of measurement together with communication between client and service provider. Identifies helpdesk technology, continuous recording, spot checks and third party tools as key auditing tools for performance measurement.
590 ## - LOCAL NOTE (RLIN)
Local note ABS
650 ## - SUBJECT ADDED ENTRY--TOPICAL TERM
Topical term or geographic name entry element PFI
650 ## - SUBJECT ADDED ENTRY--TOPICAL TERM
Topical term or geographic name entry element SERVICE CONTRACTS
650 ## - SUBJECT ADDED ENTRY--TOPICAL TERM
Topical term or geographic name entry element PERFORMANCE MEASUREMENT
650 ## - SUBJECT ADDED ENTRY--TOPICAL TERM
Topical term or geographic name entry element PERFORMANCE MONITORING
650 ## - SUBJECT ADDED ENTRY--TOPICAL TERM
Topical term or geographic name entry element QUALITY ASSURANCE
690 ## - LOCAL SUBJECT ADDED ENTRY--TOPICAL TERM (OCLC, RLIN)
Topical term or geographic name as entry element MANAGEMENT-FACILITIES MANAGEMENT
942 ## - ADDED ENTRY ELEMENTS (KOHA)
Suppress in OPAC 0
Holdings
Withdrawn status Lost status Source of classification or shelving scheme Damaged status Not for loan Home library Current library Shelving location Date acquired Total Checkouts Full call number Barcode Date last seen Copy number Price effective from Koha item type
    Dewey Decimal Classification     London London Journal article 16/01/2001   ABS63430 110399-1001 06/08/2019 1 06/08/2019 Journal article